Statistics for Buccaneers Super Bowl Roster

Click here to take the quiz!

General Stats

  • This quiz has been taken 12 times
  • The average score is 37 of 53

Answer Stats

PositionNumberPlayer% Correct
WR81Antonio Brown
100%
TE84Cameron Brate
100%
WR14Chris Godwin
100%
RB28Leonard Fournette
100%
WR13Mike Evans
100%
TE87Rob Gronkowski
100%
RB27Ronald Jones
100%
WR10Scotty Miller
100%
OLB58Shaquil Barrett
100%
QB12Tom Brady
100%
DT50Vita Vea
100%
QB11Blaine Gabbert
91%
CB24Carlton Davis
91%
ILB45Devin White
91%
OT76Donovan Smith
91%
OLB90Jason Pierre-Paul
91%
DE94Khalil Davis
91%
C66Ryan Jensen
91%
CB28Ryan Smith
91%
K3Ryan Succop
91%
OT78Tristan Wirfs
91%
G74Ali Marpet
82%
ILB54Lavonte David
82%
DE93Ndamukong Suh
82%
WR18Tyler Johnson
82%
S31Antoine Winfield Jr
73%
CB35Jamel Dean
73%
DE92William Gholston
73%
OLB98Anthony Nelson
64%
P8Bradley Pinion
64%
S33Jordan Whitehead
64%
ILB51Kevin Minter
64%
DT56Rakeem Nunez-Roches
64%
CB23Sean Murphy Bunting
64%
G64Aaron Stinnie
55%
S26Andrew Adams
55%
RB30Keshawn Vaughn
55%
RB25Lesean McCoy
55%
S32Mike Edwards
55%
CB43Ross Cockrell
55%
TE82Anthony Auclair
45%
OLB49Cam Gill
45%
WR85Jaydon Mickens
45%
OT72Josh Wells
45%
WR17Justin Watson
45%
DE79Pat O'Connor
45%
QB4Ryan Griffin
45%
OT73Joe Haeg
36%
DT96Steve McClendon
36%
TE88Tanner Hudson
36%
LS97Zach Triner
27%
ILB41Deone Bucannon
9%
DE95Jeremiah Ledbetter
9%

Score Distribution

Percentile by Number Answered

Percent of People with Each Score

Your Score History

You have not taken this quiz